Körmös
Elmentve itt :
| Szerző: | |
|---|---|
| Dokumentumtípus: | Cikk |
| Megjelent: |
1994
|
| Sorozat: | Iskolakultúra
4 No. 4 |
| Kulcsszavak: | Magyar irodalom - esszé, Könyvkiadás - Magyarország - 20. sz. |
| Online Access: | http://misc.bibl.u-szeged.hu/44069 |
| LEADER | 00610nab a2200181 i 4500 | ||
|---|---|---|---|
| 001 | misc44069 | ||
| 005 | 20191106141200.0 | ||
| 008 | 180917s1994 hu o 0|| zxx d | ||
| 022 | |a 1215-5233 | ||
| 040 | |a SZTE Miscellanea Repozitórium |b hun | ||
| 041 | |a zxx | ||
| 100 | 1 | |a Trencsényi László | |
| 245 | 1 | 0 | |a Körmös |h [elektronikus dokumentum] / |c Trencsényi László |
| 260 | |c 1994 | ||
| 300 | |a 98 | ||
| 490 | 0 | |a Iskolakultúra |v 4 No. 4 | |
| 695 | |a Magyar irodalom - esszé, Könyvkiadás - Magyarország - 20. sz. | ||
| 856 | 4 | 0 | |u http://misc.bibl.u-szeged.hu/44069/1/iskolakultura_1994_004_098.pdf |z Dokumentum-elérés |